000 00331nam a2200121Ia 4500
008 171205s9999 xx 000 0 und d
020 _a9781259094927
100 _aKottak, Conrad Phillip
245 _aAnthropology Appreciating Human Diversity
250 _a6th ed.
260 _bMcGraw-Hill Education
_c2015
300 _a545 pages
999 _c347411
_d347411